MAHATMA GANDHI:JEEVAN AUR DARSHAN (Record no. 26016)

MARC details
000 -LEADER
fixed length control field 00293nam a22001337a 4500
003 - CONTROL NUMBER IDENTIFIER
control field SGT
082 ## - DEWEY DECIMAL CLASSIFICATION NUMBER
Classification number 954.034
Item number M98R
100 ## - MAIN ENTRY--PERSONAL NAME
Personal name ROLAM, ROMA
245 ## - TITLE STATEMENT
Title MAHATMA GANDHI:JEEVAN AUR DARSHAN
260 ## - PUBLICATION, DISTRIBUTION, ETC. (IMPRINT)
Place of publication, distribution, etc INDIA
Name of publisher, distributor, etc LOKBHARTI
Year of Publication 1998
300 ## - PAGE DESCRIPTION
No. of Pages 187
650 ## - SUBJECT ADDED ENTRY--TOPICAL TERM
Topical term or geographic name as entry element MAHATMA GANDHI
942 ## - ADDED ENTRY ELEMENTS (KOHA)
Source of classification or shelving scheme Dewey Decimal Classification
Koha item type Books
Holdings
Withdrawn status Lost status Source of classification or shelving scheme Damaged status Not for loan Home library Current library Shelving location Date acquired Vendor Name Cost, normal purchase price SGTU Total Checkouts Full call number Accession No. (Barcode) Date last seen Bill Date Koha item type
    Dewey Decimal Classification   Not For Loan SGT Chancellor's Library SGT Chancellor's Library Reference Book 18/04/2024 SGT CHANCELLOR'S COLLECTION 120.00 SGTU   954.034 M98R CH195 18/04/2024 18/04/2024 Books